| 000 | 00874nam a22002297a 4500 | ||
|---|---|---|---|
| 999 |
_c9746 _d9746 |
||
| 003 | AR-CdUCM | ||
| 008 | 190328b ||||| |||| 00| 0 spa d | ||
| 040 |
_aMUNICIPALIDAD PROVINCIAL DEL CUSCO _cBIBLIOTECA MUNICIPAL DEL CUSCO |
||
| 041 | _hdut | ||
| 082 |
_22ed. _a372.3 / _bP49 / 1947. |
||
| 100 |
_aPfister, Oskar _926169 |
||
| 245 | _aEl Psicoanálisis y la Educación / | ||
| 260 |
_aBuenos Aires : _bLosada ; _c1947. |
||
| 300 |
_a196 páginas ; _c21cm |
||
| 505 | _aContenido: Deber que tiene el educador de ocuparse del psicoanálisis -- La justificación científica y las exigencias de una pedagogía psicoanalítica -- La práctica de la educación psicoanalítica | ||
| 650 |
_aPsicoanálisis _913022 |
||
| 650 |
_aEducación _9460 |
||
| 650 |
_aPedagogía _91560 |
||
| 700 |
_aSalas, José (traducción) _926170 |
||
| 942 |
_2ddc _cLIBROS |
||
| 945 | _anom | ||